Statistiques concernant Quiz sur le Calvados

Cliquez ici pour prendre le quiz!

Statistiques générales

  • Ce quiz a été pris 4 059 fois
  • Le résultat moyen est 12 sur 20

Statistiques - réponses

QuestionRéponse% Correct
Région à laquelle il appartientNormandie
99%
Mer qui borde le Calvados au nord et à l'ouestManche
97%
Préfecture et plus grande villeCaen
96%
Numéro du département14
94%
Fleuve qui se jette dans la mer précédemment citée sous ce pontSeine
85%
Type de fromage à pâte molle dont la renommée est internationaleCamembert
82%
Commune célèbre pour son casino et son festival du film américainDeauville
81%
Plage du débarquement américain, nommée d'après une ville du NebraskaOmaha Beach
72%
Sous-préfecture dont la fameuse tapisserie relate cet épisode de l'HistoireBayeux
67%
Duc de Normandie né à Falaise qui a envahi l'Angleterre en 1066Guillaume le Conquérant
63%
Ville-berceau de l'impressionnisme qui est reliée au Havre par le Pont de NormandieHonfleur
57%
Spécialité culinaire de la préfecture, à base d'estomacs et de pieds de bœufTripes
49%
Poète de la préfecture qui a indirectement donné son nom au club de
football de cette ville par l'intermédiaire d'un lycée portant son nom
François de Malherbe
44%
Sous-préfecture qui est la capitale du Pays d'AugeLisieux
40%
Station balnéaire où l'on peut trouver le Grand Hôtel de Marcel ProustCabourg
36%
...tandis que les anglais et canadiens ont débarqués sur Gold, Juno et...Sword Beach
34%
Sous-préfecture qui partage son nom avec le fleuve qui y coule
(on peut également le trouver à Saint-Lô et à Isigny-sur-Mer)
Vire
32%
Figure iconique du Parti Communiste qu'il a dirigé de 1972 à 1994Georges Marchais
27%
Compositeur déroutant, principalement connu pour ses GymnopédiesErik Satie
23%
Pionnier de l'astronomie mathématique et du déterminisme qui est l'un
des scientifiques les plus importants des XVIIIème et XIXème siècles
Pierre-Simon de {Laplace}
14%

Distribution des résultats

Percentile par nombre de réponses

% des personnes avec chaque résultat

Votre développement - résultats

Vous n’avez pas pris ce quiz